000 01321cab a2200253 4500
001 ##L132114
008 060111n2006 000 0 eng u
035 _a(Sirsi) u132114
041 0 _aeng
100 1 _aMcIntosh, Angus
245 0 0 _aPreview 2006
_bso much to play for
260 _c2006
490 0 _aEstates Gazette
_v(0601) 7 January 2006, 33-43(11)
520 _aSurveys, in six articles, property market developments expected in 2006. "On a roll" looks at the likely performance of commercial property sectors, residential and public sector markets. "Forecast" predicts that investors will continue investing heavily in commercial property assets in 2006. "Mystery" outlines likely government intervention in the property industry following the exposure of bad practices in new-build flat valuation. "Some you win, some you lose" concentrates on planning gain supplements and REITs. "Moves" covers the implementation of a wealth of legislative developments. Concludes with "Hot air" which considers the implications of energy performance labelling of buildings.
590 _aIKA170106
690 _aPROPERTY
700 1 _aChase, Martyn
700 1 _aOsborne, Helen
700 1 _aJackman, Sarah
700 1 _aBarnard, Lucy
700 1 _aTinworth, Adam
700 1 _aHiggins, Claire
942 _n0
999 _c76328
_d76328